राष्ट्रपुत्र भगत सिंह / (Record no. 144349)
[ view plain ]
| 000 -LEADER | |
|---|---|
| fixed length control field | 01290nam a22002297a 4500 |
| 005 - DATE AND TIME OF LATEST TRANSACTION | |
| control field | 20210310103925.0 |
| 010 ## - LCCN (DPL NO) | |
| LC control number | B-738099-103 1819HN15 B-731060 |
| 020 ## - INTERNATIONAL STANDARD BOOK NUMBER | |
| International Standard Book Number | 9789382996194 |
| Terms of availability | 450.00 |
| 035 ## - SYSTEM CONTROL NUMBER | |
| System control number | B-731060 |
| 035 ## - SYSTEM CONTROL NUMBER | |
| System control number | B-738099-103 |
| 037 ## - SOURCE OF ACQUISITION | |
| Source of stock number/acquisition | डी.बी.ए.डी./ उपहार |
| 037 ## - SOURCE OF ACQUISITION | |
| Source of stock number/acquisition | पैंसी बुक्स |
| 082 ## - DEWEY DECIMAL CLASSIFICATION NUMBER | |
| Classification number | 921 |
| 100 ## - MAIN ENTRY--PERSONAL NAME | |
| Personal name | तेजपाल सिंह |
| 245 ## - TITLE STATEMENT | |
| Title | राष्ट्रपुत्र भगत सिंह / |
| Statement of responsibility, etc | तेजपाल सिंह |
| 260 ## - PUBLICATION, DISTRIBUTION, ETC. (IMPRINT) | |
| Place of publication, distribution, etc | नई दिल्ली |
| Name of publisher, distributor, etc | पेन्सी बुक्स |
| Date of publication, distribution, etc | 2019 |
| 270 ## - ADDRESS | |
| Address | आर ज़ेड 66/ए, सोमेश विहार, छावला |
| City | नई दिल्ली |
| Postal code | 110071 |
| 300 ## - PHYSICAL DESCRIPTION | |
| Extent | 256प्, |
| Other physical details | 21सेमी(सजिल्द) |
| 942 ## - ADDED ENTRY ELEMENTS (KOHA) | |
| Source of classification or shelving scheme | Dewey Decimal Classification |
| Item type | Hindi Books |
| Call number suffix | तेजपा |
| Classification part | 921 |
| Withdrawn status | Lost status | Not for loan | Collection code | Home library | Current library | Date acquired | Source of acquisition | Cost, normal purchase price | Full call number | Barcode | Copy number | Cost, replacement price | Koha item type | Public note |
|---|---|---|---|---|---|---|---|---|---|---|---|---|---|---|
| Non-fiction | Central Library | Central Library | 06/12/2019 | उपहार/13.11.19 | 450.00 | 921 तेजपा | B-731060 | 1 | 450.00 | Hindi Books | उपहार | |||
| Non-fiction | Mobile Library | Mobile Library | 10/03/2021 | पेन्सी बुक्स/003/3.3.2020/177/27.2.2020/5.2.2021 | 450.00 | 921 तेजपा | B-738099 | 5 | 450.00 | Hindi Books | ||||
| Non-fiction | Mobile Library | Mobile Library | 10/03/2021 | पेन्सी बुक्स/003/3.3.2020/177/27.2.2020/5.2.2021 | 450.00 | 921 तेजपा | B-738100 | 5 | 450.00 | Hindi Books | ||||
| Non-fiction | Mobile Library | Mobile Library | 10/03/2021 | पेन्सी बुक्स/003/3.3.2020/177/27.2.2020/5.2.2021 | 450.00 | 921 तेजपा | B-738101 | 5 | 450.00 | Hindi Books | ||||
| Non-fiction | Mobile Library | Mobile Library | 10/03/2021 | पेन्सी बुक्स/003/3.3.2020/177/27.2.2020/5.2.2021 | 450.00 | 921 तेजपा | B-738102 | 5 | 450.00 | Hindi Books | ||||
| Non-fiction | Mobile Library | Mobile Library | 10/03/2021 | पेन्सी बुक्स/003/3.3.2020/177/27.2.2020/5.2.2021 | 450.00 | 921 तेजपा | B-738103 | 5 | 450.00 | Hindi Books |
